[Event "Uljanovsk Povolje op"]
[Site "Uljanovsk"]
[Date "2010.11.24"]
[Round "9"]
[White "Prihodko, Ilja"]
[Black "Lyanguzov, Oleg"]
[Result "1/2-1/2"]
[WhiteElo "2042"]
[BlackElo "2276"]
[PlyCount "181"]
[EventDate "2010.11.19"]
[EventType "swiss"]
[EventRounds "9"]
[EventCountry "RUS"]
[SourceTitle "CBM 139 Extra"]
[Source "ChessBase"]
[SourceDate "2011.01.05"]
[SourceVersion "1"]
[SourceVersionDate "2011.01.05"]
[SourceQuality "1"]

1. e4 c5 2. Nf3 d6 3. d4 cxd4 4. Nxd4 Nf6 5. Nc3 Nc6 6. Bg5 e6 7. Qd2 Be7 8. f4 a6 9. 0-0-0 Bd7 10. Be2 b5 11. Bf3 Rc8 12. Bxf6 gxf6 13. Nxc6 Bxc6 14. f5 b4 15. Ne2 Qa5 16. Kb1 e5 17. a3 Rb8 18. Nc1 Qa4 19. axb4 Rxb4 20. Rhe1 0-0 21. Nd3 Rb5 22. b3 Rfb8 23. Nb2 Qa3 24. Nc4 Qc5 25. Nb2 Rc8 26. Nd3 Qa3 27. Qc1 Qa5 28. Qd2 Bd8 29. Nb2 Qxd2 30. Rxd2 Ba5 31. Red1 Bxd2 32. Rxd2 Rb4 33. Nc4 Rcb8 34. Kc1 Rd8 35. Kb2 Kf8 36. c3 Rbb8 37. Rxd6 Rxd6 38. Nxd6 Ba4 39. Bd1 Rd8 40. bxa4 Rxd6 41. Kc2 a5 42. Be2 Rc6 43. Kb3 Rb6+ 44. Kc2 Rc6 45. Kb3 Ke7 46. Bc4 Rc7 47. Be2 Kd6 48. Kc2 Rc8 49. g4 Rg8 50. h3 Ke7 51. Kb3 Rb8+ 52. Kc2 Kf8 53. h4 Kg7 54. Bc4 Rc8 55. Be2 Kh8 56. Kb3 Rb8+ 57. Kc2 Rg8 58. Kb3 Kg7 59. Bc4 Kf8 60. Be2 h5 61. gxh5 Rg3 62. Kc4 Rh3 63. Kb5 Re3 64. Bf1 Rxe4 65. Kxa5 Re1 66. Bb5 e4 67. Kb6 e3 68. a5 Rb1 69. a6 e2 70. a7 e1Q 71. a8Q+ Kg7 72. h6+ Kh7 73. Qf8 Qe3+ 74. Qc5 Qe8 75. c4 Qb8+ 76. Kc6 Re1 77. Qd6 Qc8+ 78. Kb6 Qxf5 79. Kb7 Qe4+ 80. Qd5 f5 81. Kb8 Qf4+ 82. Kc8 Re7 83. Bd7 Qe5 84. Bxf5+ Kxh6 85. Qd2+ Kg7 86. Qg5+ Kf8 87. Qh6+ Ke8 88. Qc6+ Kf8 89. Qh6+ Qg7 90. Qd6 Qe5 91. Qh6+ 1/2-1/2

[Event "Uljanovsk Povolje op"]
[Site "Uljanovsk"]
[Date "2010.11.23"]
[Round "8"]
[White "Lyanguzov, Oleg"]
[Black "Mirzaev, Aziz"]
[Result "1-0"]
[WhiteElo "2276"]
[BlackElo "1977"]
[PlyCount "72"]
[EventDate "2010.11.19"]
[EventType "swiss"]
[EventRounds "9"]
[EventCountry "RUS"]
[SourceTitle "CBM 139 Extra"]
[Source "ChessBase"]
[SourceDate "2011.01.05"]
[SourceVersion "1"]
[SourceVersionDate "2011.01.05"]
[SourceQuality "1"]

1. c4 c5 2. Nc3 Nc6 3. g3 g6 4. Bg2 Bg7 5. e3 d6 6. Nge2 e5 7. 0-0 Nge7 8. a3 0-0 9. Nd5 Nxd5 10. cxd5 Ne7 11. d4 cxd4 12. exd4 exd4 13. Nxd4 Nf5 14. Nxf5 Bxf5 15. Qb3 Qb6 16. Qxb6 axb6 17. Bf4 Rfd8 18. Ra2 b5 19. b3 b4 20. a4 b5 21. a5 Ra6 22. h3 Rda8 23. Re1 Bf6 24. Bd2 Rxa5 25. Rxa5 Rxa5 26. Bxb4 Ra6 27. Rc1 Ra8 28. Bf3 Bd7 29. g4 g5 30. Be4 h6 31. Kg2 Kg7 32. Kf3 h5 33. Rc2 h4 34. Bf5 Bxf5 35. gxf5 Be7 36. Rc8 Ra2 1-0

[Event "Uljanovsk Povolje op"]
[Site "Uljanovsk"]
[Date "2010.11.22"]
[Round "6"]
[White "Lyanguzov, Oleg"]
[Black "Triapkin, Pavel"]
[Result "1/2-1/2"]
[WhiteElo "2276"]
[BlackElo "2346"]
[PlyCount "83"]
[EventDate "2010.11.19"]
[EventType "swiss"]
[EventRounds "9"]
[EventCountry "RUS"]
[SourceTitle "CBM 139 Extra"]
[Source "ChessBase"]
[SourceDate "2011.01.05"]
[SourceVersion "1"]
[SourceVersionDate "2011.01.05"]
[SourceQuality "1"]

1. e4 c6 2. Nc3 d5 3. Nf3 dxe4 4. Nxe4 Nf6 5. Nxf6+ gxf6 6. d4 Bg4 7. Be3 Nd7 8. c4 e5 9. Be2 Bb4+ 10. Nd2 Bxe2 11. Qxe2 Qa5 12. 0-0 0-0-0 13. a3 Bxd2 14. Bxd2 Qb6 15. d5 cxd5 16. cxd5 Qb3 17. Bb4 Kb8 18. Rfd1 Nb6 19. Rd3 Qc4 20. Qd2 Rxd5 21. Bd6+ Ka8 22. Rxd5 Nxd5 23. Rc1 Qb3 24. Rd1 Rc8 25. g3 Nb6 26. Be7 f5 27. Bf6 e4 28. Bc3 f4 29. Re1 fxg3 30. hxg3 f5 31. Qh6 Qf7 32. Rd1 Rg8 33. Rd6 Nd5 34. Qd2 Nb6 35. Rd8+ Nc8 36. Be5 Rxd8 37. Qxd8 Qc4 38. Bc7 Qe6 39. Bf4 Qc6 40. Bc7 Qe6 41. Qd6 Qg8 42. Qd7 1/2-1/2

[Event "Uljanovsk Povolje op"]
[Site "Uljanovsk"]
[Date "2010.11.21"]
[Round "4"]
[White "Lyanguzov, Oleg"]
[Black "Alavkin, Arseny Nailievich"]
[Result "1/2-1/2"]
[WhiteElo "2276"]
[BlackElo "2436"]
[PlyCount "96"]
[EventDate "2010.11.19"]
[EventType "swiss"]
[EventRounds "9"]
[EventCountry "RUS"]
[SourceTitle "CBM 139 Extra"]
[Source "ChessBase"]
[SourceDate "2011.01.05"]
[SourceVersion "1"]
[SourceVersionDate "2011.01.05"]
[SourceQuality "1"]

1. c4 e5 2. Nf3 Nf6 3. Nc3 Nc6 4. g3 Bb4 5. Bg2 0-0 6. 0-0 Bxc3 7. bxc3 d6 8. d3 h6 9. Rb1 Rb8 10. e4 Ne7 11. c5 Nc6 12. cxd6 Qxd6 13. Qc2 Re8 14. Re1 b5 15. d4 exd4 16. cxd4 Nxd4 17. Nxd4 Qxd4 18. Be3 Qe5 19. Bf4 Qh5 20. Bxc7 Ra8 21. Bd6 Bb7 22. e5 Bxg2 23. Kxg2 Ng4 24. h3 Nxe5 25. Bxe5 Rxe5 26. Qc6 Rb8 27. Qc7 Ree8 28. Qxa7 Qd5+ 29. Kh2 Ra8 30. Rxe8+ Rxe8 31. Qb6 Re5 32. a3 Kh7 33. Qc7 Qe6 34. Qc2+ g6 35. Qc3 Rh5 36. h4 Qf5 37. Rb2 g5 38. Qc2 Qxc2 39. Rxc2 gxh4 40. g4 Rd5 41. Rc6 h5 42. gxh5 Rxh5 43. Kh3 Kg7 44. Rb6 Kf8 45. Rb7 Kg7 46. Rb6 f6 47. Ra6 Rf5 48. Ra5 Rxf2 1/2-1/2

[Event "Kostroma Volga Cup op"]
[Site "Kostroma"]
[Date "2010.07.??"]
[Round "6"]
[White "Lyanguzov, Oleg"]
[Black "Bobrov, Alexey"]
[Result "1/2-1/2"]
[WhiteElo "2321"]
[BlackElo "2055"]
[PlyCount "100"]
[EventDate "2010.07.??"]
[EventType "swiss"]
[EventRounds "9"]
[EventCountry "RUS"]
[SourceTitle "EXT 2011"]
[Source "ChessBase"]
[SourceDate "2010.11.26"]
[SourceVersion "1"]
[SourceVersionDate "2010.11.26"]
[SourceQuality "1"]

1. c4 Nf6 2. Nc3 g6 3. g3 Bg7 4. Bg2 0-0 5. e4 d6 6. Nge2 Nbd7 7. d3 e5 8. h3 a5 9. Be3 Nc5 10. 0-0 Nfd7 11. Qd2 Nb6 12. b3 Qe7 13. d4 exd4 14. Nxd4 a4 15. Rab1 Bd7 16. f4 axb3 17. axb3 Ra3 18. Qc2 Rfa8 19. Bf2 Ne6 20. Nde2 Bc6 21. Rbe1 Nc5 22. b4 Ne6 23. f5 Nf8 24. b5 Bd7 25. Bxb6 Bxc3 26. Nxc3 cxb6 27. Qd2 Qe5 28. Re3 Rb3 29. Nd1 Raa3 30. Rxb3 Rxb3 31. Ne3 Rb2 32. Qe1 Qd4 33. Kh1 Qd3 34. Ng4 Qc2 35. Rf2 Rb1 36. Rxc2 Rxe1+ 37. Kh2 h5 38. Nf6+ Kg7 39. Nxd7 Nxd7 40. Rd2 Ne5 41. Rxd6 Nxc4 42. f6+ Kh7 43. Rd7 Ne3 44. Rxf7+ Kg8 45. Rg7+ Kf8 46. e5 Nxg2 47. Kxg2 Rxe5 48. Rxb7 Rxb5 49. g4 hxg4 50. hxg4 g5 1/2-1/2

[Event "Tatarstan-ch op"]
[Site "Kazan"]
[Date "2009.08.28"]
[Round "9"]
[White "Terentiev, Vitaly G"]
[Black "Lyanguzov, Oleg"]
[Result "0-1"]
[WhiteElo "1944"]
[BlackElo "2326"]
[PlyCount "70"]
[EventDate "2009.08.20"]
[EventType "swiss"]
[EventRounds "9"]
[EventCountry "RUS"]
[SourceTitle "EXT 2010"]
[Source "ChessBase"]
[SourceDate "2010.11.25"]
[SourceVersion "1"]
[SourceVersionDate "2010.11.25"]
[SourceQuality "1"]

1. d4 Nf6 2. c4 g6 3. Nf3 Bg7 4. g3 0-0 5. Bg2 d6 6. 0-0 c5 7. d5 Bf5 8. Nc3 Ne4 9. Nxe4 Bxe4 10. Nh4 Bxg2 11. Nxg2 Nd7 12. e4 a6 13. Qe2 e6 14. Bf4 exd5 15. exd5 Re8 16. Qc2 Ne5 17. Bxe5 Bxe5 18. Rae1 b5 19. b3 bxc4 20. Qxc4 Qa5 21. Re2 Qb5 22. Qc2 a5 23. Ne3 Qb7 24. Rfe1 Bd4 25. Nc4 Rxe2 26. Qxe2 h5 27. Qf3 Qc7 28. Qf4 a4 29. Qxd6 Qxd6 30. Nxd6 axb3 31. axb3 Ra2 32. Kh1 Bxf2 33. Re8+ Kg7 34. Ne4 h4 35. d6 h3 0-1

[Event "Tatarstan-ch op"]
[Site "Kazan"]
[Date "2009.08.22"]
[Round "3"]
[White "Lyanguzov, Oleg"]
[Black "Sannikov, Grigory"]
[Result "1/2-1/2"]
[WhiteElo "2326"]
[BlackElo "2036"]
[PlyCount "115"]
[EventDate "2009.08.20"]
[EventType "swiss"]
[EventRounds "9"]
[EventCountry "RUS"]
[SourceTitle "EXT 2010"]
[Source "ChessBase"]
[SourceDate "2010.11.25"]
[SourceVersion "1"]
[SourceVersionDate "2010.11.25"]
[SourceQuality "1"]

1. e4 d6 2. d4 g6 3. Nc3 Bg7 4. Be3 Nd7 5. Qd2 c6 6. 0-0-0 b5 7. Bd3 a5 8. h4 h5 9. f4 b4 10. Nce2 Nh6 11. Nf3 Nb6 12. Ng3 Bd7 13. Kb1 Qc8 14. f5 gxf5 15. Nxh5 Bf8 16. exf5 Nxf5 17. Bxf5 Bxf5 18. Ng3 Be6 19. Rde1 Qa6 20. Ng5 Bd5 21. Qe2 Nc4 22. Bc1 a4 23. b3 axb3 24. cxb3 Na3+ 25. Bxa3 Qxa3 26. Qb2 Qxb2+ 27. Kxb2 Bxg2 28. Rh2 Bd5 29. Nf5 e6 30. Ne3 Ra5 31. Rf1 Bg7 32. Nc2 f6 33. Nf3 c5 34. dxc5 dxc5 35. Kb1 f5 36. Nd2 Be5 37. Re2 Bc3 38. Ne3 0-0 39. Nxd5 exd5 40. Nf3 Ra7 41. Ng5 c4 42. bxc4 dxc4 43. Rg2 Rg7 44. Rgf2 Rd7 45. h5 Rd2 46. h6 b3 47. axb3 cxb3 48. Rxd2 Bxd2 49. Ne6 Rf6 50. Nd4 f4 51. Nxb3 Be3 52. Kc2 Kh7 53. Kd3 Kxh6 54. Ke4 Kg5 55. Kf3 Rh6 56. Na5 Rh3+ 57. Ke4 Kg4 58. Nc4 1/2-1/2

[Event "Tatarstan-ch op"]
[Site "Kazan"]
[Date "2009.08.21"]
[Round "2"]
[White "Lyanguzov, Oleg"]
[Black "Vasilov, Artur"]
[Result "1/2-1/2"]
[WhiteElo "2326"]
[BlackElo "2102"]
[PlyCount "37"]
[EventDate "2009.08.20"]
[EventType "swiss"]
[EventRounds "9"]
[EventCountry "RUS"]
[SourceTitle "EXT 2010"]
[Source "ChessBase"]
[SourceDate "2010.11.25"]
[SourceVersion "1"]
[SourceVersionDate "2010.11.25"]
[SourceQuality "1"]

1. c4 c5 2. Nf3 Nc6 3. g3 g6 4. Bg2 Bg7 5. 0-0 e6 6. Nc3 Nge7 7. d3 0-0 8. Bd2 d6 9. a3 b6 10. Rb1 Bb7 11. b4 Rb8 12. Qc1 Nd4 13. Nxd4 cxd4 14. Nd1 Bxg2 15. Kxg2 Rc8 16. Rb2 d5 17. c5 Qd7 18. Rc2 e5 19. Nb2 1/2-1/2